[Event "chess.com qf blitz 3m+2spm"]
[Site "Chess.com INT"]
[Date "2016.04.06"]
[Round "13"]
[White "Grischuk, Alexander"]
[Black "Aronian, Levon"]
[Result "0-1"]
[WhiteElo "2752"]
[BlackElo "2784"]
[PlyCount "208"]
[EventDate "2016.04.06"]
[EventType "match (blitz)"]
[EventRounds "26"]
[EventCountry "USA"]
[SourceTitle "EXT 2017"]
[Source "ChessBase"]
[SourceDate "2016.10.25"]
[SourceVersion "1"]
[SourceVersionDate "2016.10.25"]
[SourceQuality "1"]

1. d4 Nf6 2. c4 e6 3. Nf3 d5 4. Nc3 Nbd7 5. Bg5 h6 6. Bh4 Be7 7. e3 O-O 8. Qc2
c6 9. Rd1 a6 10. Be2 dxc4 11. Bxc4 b5 12. Be2 Qe8 13. O-O c5 14. dxc5 Nxc5 15.
Bxf6 Bxf6 16. Nxb5 axb5 17. Qxc5 Bb7 18. Bxb5 Qc8 19. Qxc8 Rfxc8 20. a4 Bxb2
21. Rd7 Be4 22. h3 Bc2 23. Rd2 Ba3 24. Ra1 Bb4 25. Rd7 Bc3 26. Ra2 Bf6 27. Nd4
Be4 28. Ra1 Bd5 29. Rd1 Rc5 30. Kf1 h5 31. f3 h4 32. e4 Bc4+ 33. Bxc4 Rxc4 34.
Ne2 Rcxa4 35. R7d2 Bg5 36. Rc2 Be3 37. Rb2 Ra3 38. Ke1 g6 39. Rbb1 Kg7 40. Rb2
Rc8 41. Kf1 Rc4 42. Rbb1 Ra2 43. Ra1 Rac2 44. Ra3 Bc5 45. Rad3 Bb4 46. Rd4 Rxd4
47. Rxd4 Bc5 48. Rd1 Rb2 49. Rc1 Be3 50. Rd1 Kf6 51. Ke1 Ke5 52. Ra1 f5 53.
exf5 gxf5 54. Kd1 Kf6 55. Ra3 Bf2 56. Ra1 Rb8 57. Nf4 Be3 58. Nd3 Rg8 59. Ra2
Rc8 60. Ke2 Bd4 61. Kd2 Rg8 62. Kd1 Rb8 63. Ke2 Rb1 64. Ne1 Bc3 65. Nc2 Rg1 66.
Kf2 Rd1 67. Ne3 Bd4 68. Ke2 Rg1 69. Kf2 Rb1 70. Ke2 Kg5 71. Nc2 e5 72. Nxd4
exd4 73. Rd2 Rb4 74. Kf2 Kf4 75. Rd1 Rb2+ 76. Kf1 Kg3 77. Rxd4 Rf2+ 78. Ke1
Rxg2 79. f4 Kxh3 80. Kf1 Ra2 81. Rd8 Kg4 82. Rg8+ Kxf4 83. Kg1 Kf3 84. Rh8 f4
85. Kh1 Rb2 86. Rh7 Rb6 87. Kh2 Kg4 88. Rg7+ Kf5 89. Ra7 Rb3 90. Rf7+ Kg5 91.
Rg7+ Kf5 92. Rf7+ Kg4 93. Rg7+ Kf3 94. Rf7 Ke3 95. Kh3 f3 96. Kxh4 Kf2 97. Ra7
Kg2 98. Rg7+ Kf1 99. Rg3 Rb4+ 100. Kh3 Rf4 101. Rg8 f2 102. Kg3 Rf7 103. Kh2
Ke2 104. Re8+ Kf3 0-1

[Event "Cheliabinsk Kurnosov Memorial rapid"]
[Site "Cheliabinsk"]
[Date "2016.05.26"]
[Round "2"]
[White "Arkhipenko, Daniil"]
[Black "Grischuk, Alexander"]
[Result "0-1"]
[WhiteElo "2159"]
[BlackElo "2752"]
[PlyCount "50"]
[EventDate "2016.05.26"]
[EventType "swiss (rapid)"]
[EventRounds "11"]
[EventCountry "RUS"]
[SourceTitle "CBM 172 Extra"]
[Source "ChessBase"]
[SourceDate "2016.06.21"]
[SourceVersion "1"]
[SourceVersionDate "2016.06.21"]
[SourceQuality "1"]

1. d4 Nf6 2. c4 e6 3. Nc3 Bb4 4. e3 b6 5. Nge2 Ba6 6. a3 Bxc3+ 7. Nxc3 d5 8.
cxd5 Bxf1 9. Kxf1 exd5 10. g4 O-O 11. g5 Ne4 12. Nxe4 dxe4 13. Rg1 Nc6 14. Qc2
Qd5 15. Bd2 Rac8 16. Rc1 Nd8 17. Rg4 Re8 18. Qa4 c6 19. h4 Ne6 20. Qc2 Nf8 21.
b4 Qe6 22. Rg3 Ng6 23. h5 Ne7 24. f4 exf3 25. e4 Nf5 0-1

[Event "ICC op final"]
[Site "ICC INT"]
[Date "2016.06.05"]
[Round "1"]
[White "Bortnyk, Olexandr"]
[Black "Grischuk, Alexander"]
[Result "0-1"]
[WhiteElo "2579"]
[BlackElo "2747"]
[PlyCount "72"]
[EventDate "2016.06.05"]
[EventType "k.o. (blitz)"]
[EventRounds "3"]
[EventCountry "USA"]
[SourceTitle "CBM 172 Extra"]
[Source "ChessBase"]
[SourceDate "2016.06.21"]
[SourceVersion "1"]
[SourceVersionDate "2016.06.21"]
[SourceQuality "1"]

1. e4 c6 2. c4 d5 3. cxd5 cxd5 4. exd5 Nf6 5. Qa4+ Nbd7 6. Nc3 g6 7. Bc4 Bg7 8.
d3 O-O 9. Nf3 a6 10. Qa3 b6 11. O-O Bb7 12. Re1 Re8 13. Be3 b5 14. Bb3 Nb6 15.
Bxb6 Qxb6 16. Qb4 Qd8 17. a4 Nxd5 18. Bxd5 Bxd5 19. axb5 axb5 20. Qxb5 Bxf3 21.
gxf3 Rb8 22. Qc6 Rxb2 23. Nd5 e6 24. Nc7 Rf8 25. Ra8 Qg5+ 26. Kf1 Qd2 27. Qc5
Rc2 28. Qb6 Qxd3+ 29. Kg2 Rxa8 30. Nxa8 Bd4 31. Qd8+ Kg7 32. Rf1 Qe3 33. Qh4
Qe5 34. Qe4 Qxe4 35. fxe4 Rc8 36. Rd1 e5 0-1

[Event "ICC op final"]
[Site "ICC INT"]
[Date "2016.06.05"]
[Round "1"]
[White "Bortnyk, Olexandr"]
[Black "Grischuk, Alexander"]
[Result "1-0"]
[WhiteElo "2579"]
[BlackElo "2747"]
[PlyCount "143"]
[EventDate "2016.06.05"]
[EventType "k.o. (blitz)"]
[EventRounds "3"]
[EventCountry "USA"]
[SourceTitle "CBM 172 Extra"]
[Source "ChessBase"]
[SourceDate "2016.06.21"]
[SourceVersion "1"]
[SourceVersionDate "2016.06.21"]
[SourceQuality "1"]

1. e4 c6 2. c4 d5 3. cxd5 cxd5 4. exd5 Nf6 5. Qa4+ Nbd7 6. Nc3 g6 7. Bc4 Bg7 8.
d3 O-O 9. Nf3 a6 10. Qa3 b6 11. O-O Bb7 12. Be3 b5 13. Bb3 Re8 14. Rfe1 Nb6 15.
Bxb6 Qxb6 16. Qb4 Qd6 17. Qxd6 exd6 18. a3 Nd7 19. d4 Nb6 20. Kf1 h6 21. Rxe8+
Rxe8 22. Re1 Kf8 23. Rxe8+ Kxe8 24. Ke2 g5 25. Kd3 f5 26. Nd2 Ke7 27. Nf1 f4
28. Nd2 Bc8 29. Nde4 Bf5 30. f3 h5 31. Na2 g4 32. Nb4 h4 33. fxg4 Bxg4 34. Nxa6
h3 35. gxh3 Bxh3 36. Nc7 Bf1+ 37. Kc3 f3 38. Bd1 Kd7 39. Nxd6 f2 40. Bg4+ Kxd6
41. Ne8+ Kxd5 42. Bf3+ Ke6 43. Nxg7+ Kf7 44. Nf5 Bc4 45. Ne3 f1=Q 46. Nxf1 Bxf1
47. Kb4 Ke7 48. Bc6 Kd6 49. Bxb5 Nd5+ 50. Ka5 Bh3 51. b4 Ne3 52. Bd3 Kd5 53.
Kb6 Kxd4 54. Bb5 Nd5+ 55. Kb7 Nc3 56. Bc6 Kc4 57. Kb6 Kb3 58. b5 Kxa3 59. Kc7
Nxb5+ 60. Bxb5 Kb4 61. Bd7 Bg2 62. Bc6 Kc5 63. Bd7 Kd4 64. h4 Ke5 65. Bh3 Kf6
66. Bxg2 Kg6 67. Bf3 Kh6 68. Be2 Kg7 69. h5 Kh8 70. Kc6 Kg7 71. Kd5 Kh8 72. Ke4
1-0

[Event "ICC op final"]
[Site "ICC INT"]
[Date "2016.06.05"]
[Round "1"]
[White "Bortnyk, Olexandr"]
[Black "Grischuk, Alexander"]
[Result "1-0"]
[WhiteElo "2579"]
[BlackElo "2747"]
[PlyCount "73"]
[EventDate "2016.06.05"]
[EventType "k.o. (blitz)"]
[EventRounds "3"]
[EventCountry "USA"]
[SourceTitle "CBM 172 Extra"]
[Source "ChessBase"]
[SourceDate "2016.06.21"]
[SourceVersion "1"]
[SourceVersionDate "2016.06.21"]
[SourceQuality "1"]

1. e4 c6 2. c4 d5 3. cxd5 cxd5 4. exd5 Nf6 5. Qa4+ Nbd7 6. Nc3 g6 7. Bc4 Bg7 8.
d3 O-O 9. Nf3 a6 10. Qa3 b6 11. O-O Bb7 12. Re1 Re8 13. Be3 Rc8 14. Qb3 Ng4 15.
a4 Nxe3 16. fxe3 Nc5 17. Qa2 e6 18. dxe6 Nxe6 19. Rf1 Qd7 20. d4 h6 21. Rae1
Kh7 22. Bd5 f5 23. Bxb7 Qxb7 24. Qb3 Rcd8 25. Kh1 Qb8 26. Nd5 b5 27. axb5 axb5
28. Nb4 Qd6 29. Nd3 f4 30. Nxf4 Nxf4 31. exf4 Rxe1 32. Rxe1 Qxf4 33. Qxb5 Rb8
34. Qd7 Rxb2 35. d5 g5 36. h3 Qg3 37. Qf5+ 1-0

[Event "ICC op final"]
[Site "ICC INT"]
[Date "2016.06.05"]
[Round "1"]
[White "Bortnyk, Olexandr"]
[Black "Grischuk, Alexander"]
[Result "0-1"]
[WhiteElo "2579"]
[BlackElo "2747"]
[PlyCount "88"]
[EventDate "2016.06.05"]
[EventType "k.o. (blitz)"]
[EventRounds "3"]
[EventCountry "USA"]
[SourceTitle "CBM 172 Extra"]
[Source "ChessBase"]
[SourceDate "2016.06.21"]
[SourceVersion "1"]
[SourceVersionDate "2016.06.21"]
[SourceQuality "1"]

1. d4 Nf6 2. Nc3 d5 3. Bf4 c5 4. e4 Nxe4 5. Nxe4 dxe4 6. dxc5 Qa5+ 7. c3 Qxc5
8. Qa4+ Nc6 9. Qxe4 Bf5 10. Qe3 e5 11. Qxc5 Bxc5 12. Bg3 O-O-O 13. Bb5 f6 14.
Nf3 Ne7 15. O-O g5 16. Rac1 h5 17. h4 g4 18. Nd4 Bd7 19. Bxd7+ Kxd7 20. Nb3 Bb6
21. c4 Nf5 22. c5 Bc7 23. Rfe1 Kc6 24. Re4 Rd3 25. Kh2 Rhd8 26. Ra4 a6 27. Rb4
Rd1 28. Rbc4 Rxc1 29. Rxc1 Rd3 30. Re1 Nxg3 31. fxg3 e4 32. Kg1 Bxg3 33. Rf1
Bxh4 34. Na5+ Kxc5 35. b4+ Kxb4 36. Nxb7 e3 37. Rb1+ Ka3 38. Kf1 Kxa2 39. Rb4
Rd2 40. Re4 Rf2+ 41. Kg1 e2 42. Kh2 f5 43. Re6 f4 44. Nc5 Bg3+ 0-1

[Event "ICC op final"]
[Site "ICC INT"]
[Date "2016.06.05"]
[Round "1"]
[White "Grischuk, Alexander"]
[Black "Bortnyk, Olexandr"]
[Result "1-0"]
[WhiteElo "2747"]
[BlackElo "2579"]
[PlyCount "99"]
[EventDate "2016.06.05"]
[EventType "k.o. (blitz)"]
[EventRounds "3"]
[EventCountry "USA"]
[SourceTitle "CBM 172 Extra"]
[Source "ChessBase"]
[SourceDate "2016.06.21"]
[SourceVersion "1"]
[SourceVersionDate "2016.06.21"]
[SourceQuality "1"]

1. e4 e6 2. d4 d5 3. e5 Ne7 4. Nf3 c5 5. c3 Nbc6 6. Na3 Ng6 7. Nc2 Be7 8. h4 h6
9. h5 Nf8 10. Bd3 c4 11. Be2 Nh7 12. Ne3 Bd7 13. Ng4 a5 14. a4 Qb6 15. O-O
O-O-O 16. Rb1 Nb8 17. Nd2 Bc6 18. b3 cxb3 19. Rxb3 Qc7 20. Rb1 f5 21. Ne3 Ng5
22. Qb3 f4 23. Ng4 Rhf8 24. Nh2 Ne4 25. Nhf3 Qd7 26. c4 Bxa4 27. Qb2 Bb4 28.
cxd5 exd5 29. Nh2 Qc6 30. Bg4+ Kc7 31. Nxe4 dxe4 32. Bd2 Qb5 33. Bxb4 axb4 34.
Rfc1+ Nc6 35. Rc5 Qb6 36. Qxb4 Qxb4 37. Rxb4 Ra8 38. d5 e3 39. Rc1 Rfd8 40.
dxc6 Bxc6 41. Nf1 exf2+ 42. Kh2 Ra3 43. Rxf4 Re8 44. Rxf2 Rxe5 45. Bf3 Kd6 46.
Ng3 Rg5 47. Bxc6 Raxg3 48. Bf3 Rxf3 49. Rxf3 Rxh5+ 50. Rh3 1-0

[Event "ICC op final"]
[Site "ICC INT"]
[Date "2016.06.05"]
[Round "1"]
[White "Grischuk, Alexander"]
[Black "Bortnyk, Olexandr"]
[Result "1-0"]
[WhiteElo "2747"]
[BlackElo "2579"]
[PlyCount "79"]
[EventDate "2016.06.05"]
[EventType "k.o. (blitz)"]
[EventRounds "3"]
[EventCountry "USA"]
[SourceTitle "CBM 172 Extra"]
[Source "ChessBase"]
[SourceDate "2016.06.21"]
[SourceVersion "1"]
[SourceVersionDate "2016.06.21"]
[SourceQuality "1"]

1. e4 Nf6 2. e5 Nd5 3. d4 d6 4. Nf3 g6 5. Bc4 Nb6 6. Bb3 Bg7 7. exd6 cxd6 8.
O-O O-O 9. h3 Nc6 10. Re1 Bf5 11. c3 e5 12. Be3 Qc7 13. Na3 a6 14. dxe5 Nxe5
15. Nd4 Bd7 16. Qd2 Rfe8 17. Bh6 Nbc4 18. Nxc4 Nxc4 19. Bxc4 Qxc4 20. Bxg7 Kxg7
21. a3 Qd5 22. Qf4 Bc6 23. Qg3 Rxe1+ 24. Rxe1 Re8 25. Rxe8 Bxe8 26. Qf3 Qg5 27.
Kh2 Qe5+ 28. g3 Qf6 29. Qe3 Bc6 30. f4 Bd5 31. Kg1 Qd8 32. Kf2 Qc8 33. g4 Qd8
34. Kg3 Bc6 35. h4 Qe8 36. Qxe8 Bxe8 37. g5 h6 38. Kf2 hxg5 39. hxg5 Bd7 40.
Ke3 1-0

[Event "ICC op final"]
[Site "ICC INT"]
[Date "2016.06.05"]
[Round "1"]
[White "Grischuk, Alexander"]
[Black "Bortnyk, Olexandr"]
[Result "1-0"]
[WhiteElo "2747"]
[BlackElo "2579"]
[PlyCount "99"]
[EventDate "2016.06.05"]
[EventType "k.o. (blitz)"]
[EventRounds "3"]
[EventCountry "USA"]
[SourceTitle "CBM 172 Extra"]
[Source "ChessBase"]
[SourceDate "2016.06.21"]
[SourceVersion "1"]
[SourceVersionDate "2016.06.21"]
[SourceQuality "1"]

1. e4 Nf6 2. e5 Nd5 3. d4 d6 4. Nf3 g6 5. Bc4 Nb6 6. Bb3 Bg7 7. O-O O-O 8. exd6
cxd6 9. c3 Nc6 10. Re1 Bf5 11. Na3 Qd7 12. Bc2 Bxc2 13. Nxc2 Rac8 14. Ne3 e5
15. dxe5 dxe5 16. Qxd7 Nxd7 17. Nc4 f5 18. Nd6 Rc7 19. Nb5 Rcc8 20. Nd6 Rb8 21.
Be3 Rfd8 22. Rad1 e4 23. Ng5 Nde5 24. Ne6 Rd7 25. Nc5 Rc7 26. Nb5 Rf7 27. Nd6
Rc7 28. Nb5 Rcc8 29. Nd6 Rd8 30. Ne6 Nd3 31. Nxd8 Rxd8 32. Nxb7 Rb8 33. Rxd3
exd3 34. Nc5 Rxb2 35. Nxd3 Rxa2 36. g3 a5 37. Rb1 Rc2 38. Rb6 Rxc3 39. Nf4 a4
40. Ra6 a3 41. Nd5 Nb8 42. Ra8 Rb3 43. Bf4 a2 44. Rxa2 Nc6 45. Ra6 Nd4 46. Ra8+
Kf7 47. Ra7+ Ke6 48. Rxg7 Kxd5 49. Kg2 Ne6 50. Rxh7 1-0

[Event "ICC op final"]
[Site "ICC INT"]
[Date "2016.06.05"]
[Round "1"]
[White "Grischuk, Alexander"]
[Black "Bortnyk, Olexandr"]
[Result "0-1"]
[WhiteElo "2747"]
[BlackElo "2579"]
[PlyCount "266"]
[EventDate "2016.06.05"]
[EventType "k.o. (blitz)"]
[EventRounds "3"]
[EventCountry "USA"]
[SourceTitle "CBM 172 Extra"]
[Source "ChessBase"]
[SourceDate "2016.06.21"]
[SourceVersion "1"]
[SourceVersionDate "2016.06.21"]
[SourceQuality "1"]

1. Nf3 Nf6 2. g3 b6 3. Bg2 Bb7 4. O-O g6 5. c4 Bg7 6. d4 O-O 7. Qc2 d5 8. Ne5
c6 9. Nc3 Nbd7 10. Rd1 Rc8 11. Qa4 a6 12. cxd5 b5 13. Qb3 cxd5 14. Nxd7 Qxd7
15. a4 Ne4 16. axb5 Nxc3 17. bxc3 Qxb5 18. Qxb5 axb5 19. Ba3 Rxc3 20. Bxe7 Re8
21. Bb4 Rc4 22. Bc5 Rxc5 23. dxc5 Bxa1 24. Rxa1 Rxe2 25. Bf1 Rc2 26. Ra7 Bc6
27. Rc7 Rxc5 28. Bxb5 Rxb5 29. Rxc6 Rb1+ 30. Kg2 Rd1 31. Kf3 Kf8 32. Rc7 Ke8
33. h4 h5 34. Ke3 Re1+ 35. Kd4 Re2 36. Kxd5 Rxf2 37. Ke4 Kf8 38. Ke3 Rf5 39.
Ra7 Kg7 40. Rb7 Rf6 41. Ra7 Re6+ 42. Kf3 Kf6 43. Rb7 Re7 44. Rb6+ Re6 45. Rb7
Ra6 46. Rc7 Ra3+ 47. Kg2 Re3 48. Kf2 Rb3 49. Ra7 Rb6 50. Rc7 Re6 51. Kf3 Re7
52. Rc6+ Re6 53. Rc7 Kg7 54. Rb7 Rf6+ 55. Kg2 Rc6 56. Ra7 Rc2+ 57. Kf3 Rb2 58.
Rc7 Rb3+ 59. Kf4 Kf8 60. Rc8+ Ke7 61. Rc7+ Ke6 62. Rc6+ Ke7 63. Rc7+ Ke6 64.
Rc6+ Kd7 65. Ra6 Ke7 66. Ra7+ Kf6 67. Ra6+ Kg7 68. Ra7 Rb4+ 69. Kf3 Rb6 70. Kf2
Rf6+ 71. Kg2 Re6 72. Kf2 Kf8 73. Kf3 Re7 74. Ra8+ Re8 75. Ra7 Re6 76. Rb7 Kg8
77. Rb8+ Kh7 78. Rb7 Rf6+ 79. Kg2 Kg7 80. Ra7 Rf5 81. Rb7 Kh6 82. Ra7 f6 83.
Ra6 g5 84. hxg5+ Kxg5 85. Ra8 Re5 86. Rg8+ Kf5 87. Rh8 Kg6 88. Rg8+ Kf7 89. Ra8
Kg7 90. Ra7+ Kg6 91. Ra8 Kf5 92. Rg8 Re2+ 93. Kf3 Ra2 94. Rh8 Rh2 95. Ke3 Kg4
96. Rg8+ Kh3 97. Kf3 Rh1 98. Kf2 Ra1 99. Rh8 Ra2+ 100. Kf3 Ra3+ 101. Kf4 Ra4+
102. Kf3 Ra3+ 103. Kf4 Ra4+ 104. Kf3 Ra3+ 105. Kf2 Ra2+ 106. Ke3 Kxg3 107. Rxh5
Ra3+ 108. Ke2 Ra4 109. Rf5 Rf4 110. Ra5 Re4+ 111. Kd3 Re5 112. Ra8 Kf4 113. Rh8
Kf5 114. Rh1 Ke6 115. Rf1 Kd6 116. Rf2 Ke6 117. Rf3 Rd5+ 118. Ke4 Re5+ 119. Kd4
Rf5 120. Re3+ Re5 121. Ra3 Rd5+ 122. Kc4 Re5 123. Ra6+ Kf5 124. Ra1 Kg6 125.
Kd4 Rg5 126. Kc4 Rg4+ 127. Kc5 Rg3 128. Kd6 Rg5 129. Ke7 Re5+ 130. Kf8 Rg5 131.
Rf1 Kh6 132. Rxf6+ Rg6 133. Ke7 Kh5 0-1

[Event "ICC op final"]
[Site "ICC INT"]
[Date "2016.06.05"]
[Round "3"]
[White "Andreikin, Dmitry"]
[Black "Grischuk, Alexander"]
[Result "0-1"]
[WhiteElo "2743"]
[BlackElo "2747"]
[PlyCount "92"]
[EventDate "2016.06.05"]
[EventType "k.o. (blitz)"]
[EventRounds "3"]
[EventCountry "USA"]
[SourceTitle "CBM 172 Extra"]
[Source "ChessBase"]
[SourceDate "2016.06.21"]
[SourceVersion "1"]
[SourceVersionDate "2016.06.21"]
[SourceQuality "1"]

1. d4 Nf6 2. Nf3 g6 3. Bf4 Bg7 4. Nbd2 O-O 5. c3 Nh5 6. Bg5 h6 7. Bh4 g5 8. Bg3
d6 9. e4 e6 10. Bd3 Nd7 11. Nc4 Qe7 12. Nfd2 Nxg3 13. hxg3 c5 14. e5 dxe5 15.
Nxe5 cxd4 16. cxd4 Qb4 17. Nec4 Rd8 18. a3 Qe7 19. Qe2 Nb6 20. Nxb6 axb6 21.
Nf3 Bd7 22. O-O Bc6 23. Be4 Bxd4 24. Rac1 Bxe4 25. Qxe4 Bg7 26. Rc2 Rac8 27.
Rfc1 Rxc2 28. Rxc2 Bf6 29. g4 Kg7 30. g3 Rd5 31. Kg2 Qd7 32. Qb4 Qb5 33. Qxb5
Rxb5 34. b4 Rd5 35. Rc7 e5 36. Rxb7 e4 37. Ne1 Rd2 38. Rc7 e3 39. Nc2 e2 40.
Ne1 Rd1 41. Kf3 Rxe1 42. Rb7 Bd4 43. a4 Rb1 44. Kxe2 Rxb4 45. f3 Rxa4 46. Kd3
Be5 0-1

[Event "ICC op final"]
[Site "ICC INT"]
[Date "2016.06.05"]
[Round "3"]
[White "Andreikin, Dmitry"]
[Black "Grischuk, Alexander"]
[Result "0-1"]
[WhiteElo "2743"]
[BlackElo "2747"]
[PlyCount "72"]
[EventDate "2016.06.05"]
[EventType "k.o. (blitz)"]
[EventRounds "3"]
[EventCountry "USA"]
[SourceTitle "CBM 172 Extra"]
[Source "ChessBase"]
[SourceDate "2016.06.21"]
[SourceVersion "1"]
[SourceVersionDate "2016.06.21"]
[SourceQuality "1"]

1. d4 Nf6 2. Bg5 g6 3. Bxf6 exf6 4. c4 d5 5. cxd5 Qxd5 6. Nc3 Qd8 7. e3 c6 8.
Bc4 Bd6 9. Nf3 O-O 10. O-O Nd7 11. a3 f5 12. b4 Nf6 13. Qb3 Qe7 14. Rfe1 Bd7
15. Rad1 Rad8 16. h3 Kg7 17. d5 cxd5 18. Nxd5 Nxd5 19. Bxd5 Bc8 20. g3 Qf6 21.
h4 h6 22. Nd4 Rfe8 23. Bg2 Bb8 24. Rd2 f4 25. gxf4 Bxf4 26. Red1 Bb8 27. h5
gxh5 28. Ne2 Rxd2 29. Rxd2 h4 30. Qd5 h3 31. Bh1 Be6 32. Qd4 Be5 33. Qxa7 Qg6+
34. Ng3 Bxg3 35. fxg3 Qxg3+ 36. Kf1 Bc4+ 0-1

[Event "ICC op final"]
[Site "ICC INT"]
[Date "2016.06.05"]
[Round "3"]
[White "Grischuk, Alexander"]
[Black "Andreikin, Dmitry"]
[Result "1-0"]
[WhiteElo "2747"]
[BlackElo "2743"]
[PlyCount "69"]
[EventDate "2016.06.05"]
[EventType "k.o. (blitz)"]
[EventRounds "3"]
[EventCountry "USA"]
[SourceTitle "CBM 172 Extra"]
[Source "ChessBase"]
[SourceDate "2016.06.21"]
[SourceVersion "1"]
[SourceVersionDate "2016.06.21"]
[SourceQuality "1"]

1. e4 c6 2. d4 d5 3. e5 Bf5 4. Nf3 e6 5. Be2 Bb4+ 6. c3 Ba5 7. O-O Nd7 8. Nbd2
Bc7 9. Re1 h6 10. Nf1 Ne7 11. Ng3 Bg6 12. Nh4 Bh7 13. f4 c5 14. Bd3 Bxd3 15.
Qxd3 cxd4 16. cxd4 Nc6 17. Nf3 g6 18. Bd2 Ba5 19. a3 Bxd2 20. Qxd2 Qb6 21. Kh1
O-O-O 22. b4 Kb8 23. Reb1 Rc8 24. a4 Ne7 25. b5 Qc7 26. a5 Qc3 27. Qf2 Rc4 28.
Ne2 Qd3 29. Rd1 Qf5 30. Qe3 Rhc8 31. Ng3 Qc2 32. Qa3 Re8 33. Rdc1 Qf2 34. Qd6+
Kc8 35. b6 1-0

[Event "ICC op final"]
[Site "ICC INT"]
[Date "2016.06.05"]
[Round "3"]
[White "Grischuk, Alexander"]
[Black "Andreikin, Dmitry"]
[Result "1-0"]
[WhiteElo "2747"]
[BlackElo "2743"]
[PlyCount "129"]
[EventDate "2016.06.05"]
[EventType "k.o. (blitz)"]
[EventRounds "3"]
[EventCountry "USA"]
[SourceTitle "CBM 172 Extra"]
[Source "ChessBase"]
[SourceDate "2016.06.21"]
[SourceVersion "1"]
[SourceVersionDate "2016.06.21"]
[SourceQuality "1"]

1. e4 g6 2. d4 Bg7 3. c4 d6 4. Nc3 e5 5. Nge2 exd4 6. Nxd4 Nc6 7. Be3 Nge7 8.
h4 f5 9. h5 O-O 10. hxg6 hxg6 11. Nxc6 Nxc6 12. Qd2 Be6 13. Bh6 Qf6 14. O-O-O
f4 15. Bxg7 Kxg7 16. Kb1 Rh8 17. Be2 a6 18. Nd5 Bxd5 19. cxd5 Ne5 20. Rxh8 Rxh8
21. Rc1 Qf7 22. Qb4 b6 23. Bxa6 Rh2 24. Bf1 f3 25. gxf3 Rxf2 26. Bb5 Rxf3 27.
a4 Qe7 28. Be2 Rf2 29. Qe1 Rf4 30. Bb5 g5 31. b4 Nf3 32. Qc3+ Kg6 33. a5 bxa5
34. bxa5 g4 35. a6 Kg5 36. e5 Nxe5 37. a7 Rf8 38. Qe3+ Kg6 39. Bd3+ Kg7 40. Ba6
c5 41. dxc6 Qc7 42. Bb7 Qa5 43. Qg5+ Kf7 44. Rf1+ Ke6 45. Qh6+ Kd5 46. c7+ Kc5
47. Rc1+ Kb6 48. Qxd6+ Kxb7 49. Qxf8 Qb5+ 50. Ka2 Qd5+ 51. Ka3 Qa5+ 52. Kb3
Qd5+ 53. Ka3 Qa5+ 54. Kb3 Qd5+ 55. Ka4 Qa2+ 56. Kb4 Nd3+ 57. Kc3 Qa5+ 58. Kxd3
Qd5+ 59. Ke3 Qe5+ 60. Kf2 Qh2+ 61. Ke3 Qh6+ 62. Qxh6 Ka8 63. c8=Q+ Kxa7 64.
Qhc6 g3 65. Q6b7# 1-0

[Event "ICC op final"]
[Site "ICC INT"]
[Date "2016.06.05"]
[Round "3"]
[White "Grischuk, Alexander"]
[Black "Andreikin, Dmitry"]
[Result "0-1"]
[WhiteElo "2747"]
[BlackElo "2743"]
[PlyCount "100"]
[EventDate "2016.06.05"]
[EventType "k.o. (blitz)"]
[EventRounds "3"]
[EventCountry "USA"]
[SourceTitle "CBM 172 Extra"]
[Source "ChessBase"]
[SourceDate "2016.06.21"]
[SourceVersion "1"]
[SourceVersionDate "2016.06.21"]
[SourceQuality "1"]

1. e4 c6 2. d4 d5 3. e5 Bf5 4. Nf3 e6 5. Be2 Bb4+ 6. c3 Ba5 7. O-O Nd7 8. Nbd2
Bc7 9. Ne1 Ne7 10. Nd3 O-O 11. Nf3 h6 12. Nf4 c5 13. h3 cxd4 14. cxd4 Bb6 15.
g4 Be4 16. Be3 Nc6 17. a3 Qe7 18. b4 f6 19. exf6 Rxf6 20. Nh5 Rf7 21. b5 Na5
22. Nd2 Bg6 23. Nf4 Bh7 24. Bd3 Bxd3 25. Nxd3 Raf8 26. Qe2 Nc4 27. Nxc4 dxc4
28. Nc5 Rf3 29. Qxc4 Bxc5 30. dxc5 Rxh3 31. Kg2 Rhf3 32. c6 bxc6 33. bxc6 Ne5
34. Qe4 Qh4 35. c7 Qh3+ 36. Kg1 Nxg4 37. Bf4 R3xf4 38. Qxf4 Rxf4 39. c8=Q+ Kh7
40. Qc2+ Rf5 41. f3 Qg3+ 42. Kh1 Ne3 43. Qh2 Qxh2+ 44. Kxh2 Nxf1+ 45. Rxf1 Ra5
46. Kg3 Rxa3 47. Re1 Ra6 48. Kf4 Rb6 49. Ke5 a5 50. Ra1 Ra6 0-1

[Event "Eurasia Blitz Chess Cup"]
[Site "Almaty"]
[Date "2016.06.18"]
[Round "1"]
[White "Grischuk, Alexander"]
[Black "Makhnyov, Denis"]
[Result "1-0"]
[WhiteElo "2747"]
[BlackElo "2345"]
[PlyCount "30"]
[EventDate "2016.06.18"]
[EventType "swiss (blitz)"]
[EventRounds "22"]
[EventCountry "KAZ"]
[SourceTitle "CBM 173 Extra"]
[Source "ChessBase"]
[SourceDate "2016.08.29"]
[SourceVersion "1"]
[SourceVersionDate "2016.08.29"]
[SourceQuality "1"]

1. e4 e5 2. Nf3 Nc6 3. Bc4 Bc5 4. O-O Nf6 5. d3 O-O 6. a4 d5 7. exd5 Nxd5 8.
Nbd2 Re8 9. Ne4 Bf8 10. c3 h6 11. Bxh6 Nb6 12. Bg5 Qd7 13. Bb3 a5 14. Be3 Nd5
15. Nfg5 Rd8 1-0

[Event "Eurasia Blitz Chess Cup"]
[Site "Almaty"]
[Date "2016.06.18"]
[Round "3"]
[White "Bologan, Viktor"]
[Black "Grischuk, Alexander"]
[Result "0-1"]
[WhiteElo "2654"]
[BlackElo "2747"]
[PlyCount "122"]
[EventDate "2016.06.18"]
[EventType "swiss (blitz)"]
[EventRounds "22"]
[EventCountry "KAZ"]
[SourceTitle "CBM 173 Extra"]
[Source "ChessBase"]
[SourceDate "2016.08.29"]
[SourceVersion "1"]
[SourceVersionDate "2016.08.29"]
[SourceQuality "1"]

1. e4 c6 2. d4 d5 3. e5 Bf5 4. Nf3 e6 5. Be2 Bg6 6. O-O Ne7 7. Nbd2 c5 8. dxc5
Nec6 9. Nb3 Nd7 10. Be3 Be7 11. Nfd4 Ncxe5 12. f4 Nc4 13. Bxc4 dxc4 14. c6 cxb3
15. cxd7+ Qxd7 16. axb3 O-O 17. Nf5 Qc7 18. Nxe7+ Qxe7 19. Rxa7 Rxa7 20. Bxa7
Qc7 21. Bd4 Bxc2 22. Qg4 Bg6 23. b4 Qc4 24. Bc3 f6 25. Re1 Bf5 26. Qf3 b5 27.
h3 Rd8 28. Kh2 h6 29. Re3 Rd7 30. Re1 Kh7 31. Re3 Rd6 32. Re1 Qc7 33. Rd1 Rxd1
34. Qxd1 Qxf4+ 35. Kh1 e5 36. Qe2 Be4 37. Kg1 Qc1+ 38. Kf2 Qf4+ 39. Kg1 Bc6 40.
Qd3+ Qe4 41. Qd2 h5 42. Kh2 Bd5 43. Qf2 Kg8 44. Kg1 Qb1+ 45. Kh2 Qe4 46. Qd2
Kf7 47. Qf2 g5 48. Qd2 Kg6 49. Kg1 g4 50. hxg4 hxg4 51. Qf2 Qd3 52. Qd2 Qe4 53.
Qf2 Bc6 54. Qd2 g3 55. Kf1 Qf5+ 56. Kg1 Qb1+ 57. Qe1 Qd3 58. Qd2 Qxd2 59. Bxd2
f5 60. Bc3 Kf6 61. Kf1 f4 0-1

[Event "Eurasia Blitz Chess Cup"]
[Site "Almaty"]
[Date "2016.06.18"]
[Round "6"]
[White "Kazhgaleyev, Murtas"]
[Black "Grischuk, Alexander"]
[Result "1-0"]
[WhiteElo "2582"]
[BlackElo "2747"]
[PlyCount "107"]
[EventDate "2016.06.18"]
[EventType "swiss (blitz)"]
[EventRounds "22"]
[EventCountry "KAZ"]
[SourceTitle "CBM 173 Extra"]
[Source "ChessBase"]
[SourceDate "2016.08.29"]
[SourceVersion "1"]
[SourceVersionDate "2016.08.29"]
[SourceQuality "1"]

1. d4 Nf6 2. c4 e6 3. Nc3 Bb4 4. e3 b6 5. Bd3 Bb7 6. Nf3 O-O 7. O-O Qe7 8. Bd2
Bxc3 9. Bxc3 Ne4 10. Bxe4 Bxe4 11. Nd2 Bb7 12. e4 d6 13. f4 f5 14. exf5 Rxf5
15. Qg4 Qf7 16. Rae1 Nd7 17. Re3 Rf8 18. Qe2 Rxf4 19. Rxf4 Qxf4 20. Rxe6 Nf6
21. d5 Bc8 22. Re7 Bg4 23. Qe1 Rf7 24. h3 Bc8 25. Nf3 Bxh3 26. Bxf6 Qxf6 27.
Re8+ Rf8 28. Rxf8+ Kxf8 29. Qe3 Bf5 30. Nd4 Bd7 31. b3 h6 32. Ne2 Kf7 33. Nf4
g5 34. Ne2 Qe5 35. Qf3+ Qf5 36. Qe3 Qf6 37. Ng3 Qa1+ 38. Kh2 Qf6 39. Qe4 Qg6
40. Qf3+ Ke7 41. Qe3+ Kd8 42. Qd4 Kc8 43. Ne4 Kb7 44. b4 Qf5 45. c5 bxc5 46.
bxc5 Qf4+ 47. Kg1 Bb5 48. c6+ Ka6 49. a4 Qc1+ 50. Kh2 Qf4+ 51. g3 Qf3 52. axb5+
Kxb5 53. Nc3+ Ka6 54. Qc4+ 1-0